To the honourable Miss S-- and other stories /

Bibliographic Details
Main Author: Traven, B.
Format: Book
Language:English
German
Published: Westport, Conn. : Sanday, Orkney : L. Hill ; Cienfuegos Press, [1981]

MARC

Tag First Indicator Second Indicator Subfields
LEADER 00000pam a2200000 a 4500
001 in00000070161
005 20151008061622.0
008 811014s1981 ctu 00011 eng
010 |a  81007222  
020 |a 0882081306 :  |c $10.00 
020 |a 0882081314 (pbk.) :  |c $5.95 
035 |a (OCoLC)07923431 
035 |9 AAJ8451AM 
039 0 |a 2  |b 3  |c 3  |d 3  |e 3 
040 |a DLC  |c DLC  |d TXA  |d UtOrBLW 
041 1 |a eng  |a ger 
049 |a TXAM  |c [933429] 
050 0 0 |a PT3919.T7  |b A6 1981 
082 0 |a 833/.912  |2 19 
100 1 |a Traven, B. 
245 1 0 |a To the honourable Miss S-- and other stories /  |c by Ret Marut a/k/a B. Traven ; with an introduction by Will Wyatt ; translated from the German by Peter Silcock. 
264 1 |a Westport, Conn. :  |b L. Hill ;  |a Sanday, Orkney :  |b Cienfuegos Press,  |c [1981] 
264 4 |c ©1981 
300 |a xvi, 151 pages ;  |c 21 cm. 
336 |a text  |b txt  |2 rdacontent 
337 |a unmediated  |b n  |2 rdamedia 
338 |a volume  |b nc  |2 rdacarrier 
999 |a MARS 
999 f f |s 005950cf-52c7-3a60-a51c-5c1f8bb536d1  |i be91bb28-30f6-3d52-b0e1-c6524a63fbce  |t 0 
952 f f |p normal  |a Texas A&M University  |b College Station  |c Sterling C. Evans Library  |d Evans: Library Stacks  |t 0  |e PT3919.T7 A6 1981  |h Library of Congress classification  |i unmediated -- volume  |m A14806195402 
998 f f |a PT3919.T7 A6 1981  |t 0  |l Evans: Library Stacks